000 00388pab a2200169 454500
008 180718b2005 xxu||||| |||| 00| 0 eng d
100 _aChattoraj, B.N.
245 _aCrime situation in Tsunami disaster areas
260 _c2005
300 _ap.36-40.
362 _aJun
650 _aDisasters
650 _aTsunami
650 _aCrime
773 _aSocial Welfare
909 _a65778
999 _c65778
_d65778